Language Quiz

Random Language or Letter Quiz

4-Letter 'C' Words with Double Letters Quiz Stats

 Plays Quiz Updated Jun 30, 2018

Challenge
Share
Tweet
Embed
Score 0/22 Timer 03:00
12 Plays Today
% Correct
call
87.6%
cool
80.3%
cell
78.1%
coop
77.6%
coon
76.3%
coot
73.9%
cull
71%
coos
67.3%
cook
63.1%
cuss
58.4%
carr
58%
% Correct
caff
56.5%
cess
48.3%
curr
47.3%
cuff
44.8%
coof
43.5%
coss
39.8%
cobb
38.1%
conn
36.3%
coff
34.9%
comm
32.4%
cees
31.8%

You're not logged in!

Compare scores with friends on all Sporcle quizzes.
Join for Free
OR
Log In

You Might Also Like...

Show Comments

Extras

Top Quizzes Today


Score Distribution

Your Account Isn't Verified!

In order to create a playlist on Sporcle, you need to verify the email address you used during registration. Go to your Sporcle Settings to finish the process.

Report this User

Report this user for behavior that violates our Community Guidelines.

Details: